M : (Record no. 7849)

MARC details
000 -LEADER
fixed length control field 00404nam a2200181 4500
003 - CONTROL NUMBER IDENTIFIER
control field .
005 - DATE AND TIME OF LATEST TRANSACTION
control field 20260402094100.0
008 - FIXED-LENGTH DATA ELEMENTS--GENERAL INFORMATION
fixed length control field .
020 ## - INTERNATIONAL STANDARD BOOK NUMBER
International Standard Book Number 9781266874741
040 ## - CATALOGING SOURCE
Transcribing agency .
082 ## - DEWEY DECIMAL CLASSIFICATION NUMBER
Classification number 658 B328 2024
100 ## - MAIN ENTRY--PERSONAL NAME
Personal name Bateman ,Robert
245 ## - TITLE STATEMENT
Title M :
Remainder of title management /
Statement of responsibility, etc. Robert Bateman
250 ## - EDITION STATEMENT
Edition statement Release 2024
260 ## - PUBLICATION, DISTRIBUTION, ETC.
Name of publisher, distributor, etc. New York; McGraw-Hill, 2024
300 ## - PHYSICAL DESCRIPTION
Extent 364 p
Dimensions 29 cm
942 ## - ADDED ENTRY ELEMENTS (KOHA)
Source of classification or shelving scheme Dewey Decimal Classification
Koha item type English Book
Suppress in OPAC No
Holdings
Withdrawn status Lost status Source of classification or shelving scheme Damaged status Not for loan Home library Current library Date acquired Total Checkouts Full call number Barcode Date last seen Date last checked out Price effective from Koha item type Date due
    Dewey Decimal Classification     KHOBAR KHOBAR 07/23/2025 1 658 B328 2024 1000000034971 09/14/2025 09/08/2025 07/23/2025 English Book  
    Dewey Decimal Classification     KHOBAR KHOBAR 07/28/2025 1 658 B328 2024 1000000035002 04/05/2026 04/05/2026 07/28/2025 English Book 04/19/2026